Представление документа в формате MARC21

ПолеНазваниеЗначение
  Тип записи a
  Библиографический уровень m
001 Контрольный номер RU/URAIT/583731
005 Дата корректировки 20260429163622.7
008 Кодируемые данные 260429s2026 RU y f j 000 0 rus u
020 Индекс ISBN __
a ISBN 978-5-534-16988-1
c Цена, тираж 1949.00
040 Источник каталогиз. __
a Служба первич. каталог. ИКО Юрайт
c Служба, преобразующая запись ИКО Юрайт
e Правила каталог. RCR
041 Код языка издания __
a Код языка текста rus
044 Код страны публикации __
a Код страны публикации RU
080 Индекс УДК __
a Индекс УДК 658(075.32)
084 Индекс другой классификации/Индекс ББК __
2 Источник индекса rubbk
a Индекс другой классификации/Индекс ББК 65.29я723
100 Автор __
a Автор Клочкова Е. Н.
q Полное имя Клочкова Елена Николаевна
245 Заглавие __
a Заглавие Экономика организации
b Продолж. заглавия учебник для спо
c Ответственность Е. Н. Клочкова, В. И. Кузнецов, Т. Е. Платонова, Е. С. Дарда ; под редакцией Е. Н. Клочковой.
250 Сведения об издании __
g пер. и доп
a Основные сведения об издании 3-е изд.
256 Характеристики компьютерного файла __
a Характеристики компьютерного файла Электрон. дан.
260 Выходные данные __
a Место издания Москва
b Издательство Юрайт
c Дата издания 2026
300 Физическое описание __
a Объем 370 с
440 Серия __
a Серия Профессиональное образование
500 Примечания __
a Примечание URL: https://urait.ru/bcode/583731 (дата обращения: 29.04.2026).
520 Аннотация __
a Аннотация В учебнике рассматриваются методологические аспекты статистической и экономической оценки деятельности предприятия в зависимости от комплекса взаимосвязанных факторов и условий функционирования. В издании освещена вся система взаимосвязанных показателей, характеризующая основные области деятельности организаций, представлены методы статистического анализа и оценки финансовых, производственно-экономических результатов деятельности предприятия, выявления факторов, определяющих эффективность работы. Учебник содержит множество конкретных примеров. В конце каждой главы предусмотрены вопросы для самоконтроля, а также практические задания, позволяющие проверить качество усвоения изложенного материала. Соответствует актуальным требованиям Федерального государственного образовательного стандарта среднего профессионального образования и профессиональным требованиям. Для студентов образовательных учреждений среднего профессионального образования и преподавателей.
538 Прим. о системных особенностях __
a Прим. о системных особенностях Режим доступа: Электронно-библиотечная система Юрайт, для авториз. пользователей
653 Ключевые слова __
a Ключевые слова Микроэкономика. Экономика организации (фирмы)
653 Ключевые слова __
a Ключевые слова Экономические науки
653 Ключевые слова __
a Ключевые слова Экономика
653 Ключевые слова __
a Ключевые слова Экономика отрасли
653 Ключевые слова __
a Ключевые слова Экономика предприятия
653 Ключевые слова __
a Ключевые слова Экономика организаций
653 Ключевые слова __
a Ключевые слова Основы экономики
653 Ключевые слова __
a Ключевые слова Экономика организации (предприятия)
653 Ключевые слова __
a Ключевые слова Организация работы структурного подразделения
653 Ключевые слова __
a Ключевые слова Основы экономики организации
653 Ключевые слова __
a Ключевые слова Экономика организации
653 Ключевые слова __
a Ключевые слова Экономика организации и менеджмент
653 Ключевые слова __
a Ключевые слова Введение в экономику
653 Ключевые слова __
a Ключевые слова Основы экономической деятельности
653 Ключевые слова __
a Ключевые слова Организационно-управленческая деятельность
653 Ключевые слова __
a Ключевые слова Основы экономики предприятий и организаций
653 Ключевые слова __
a Ключевые слова Экономика и организация предприятия
653 Ключевые слова __
a Ключевые слова Экономика организаций (предприятий)
653 Ключевые слова __
a Ключевые слова Экономика предприятий (организаций)
653 Ключевые слова __
a Ключевые слова Организация деятельности производственного подразделения электромонтажной организации
653 Ключевые слова __
a Ключевые слова Экономика предприятий
653 Ключевые слова __
a Ключевые слова Экономика предприятий и организаций
653 Ключевые слова __
a Ключевые слова Экономика предприятий и организаций (продвинутый уровень)
653 Ключевые слова __
a Ключевые слова Основы экономики предприятия
653 Ключевые слова __
a Ключевые слова Экономика предприятия и организации
653 Ключевые слова __
a Ключевые слова Экономика предпринимательской организации
653 Ключевые слова __
a Ключевые слова Основы экономики отрасли
653 Ключевые слова __
a Ключевые слова Экономика предприятия (продвинутый уровень)
653 Ключевые слова __
a Ключевые слова Основы экономики, организации и правового обеспечения профессиональной деятельности
653 Ключевые слова __
a Ключевые слова Экономика предприятия (организации)
653 Ключевые слова __
a Ключевые слова Экономика предприятий/организация
653 Ключевые слова __
a Ключевые слова Организация деятельности персонала на горном участке
653 Ключевые слова __
a Ключевые слова Организация деятельности персонала производственного подразделения
653 Ключевые слова __
a Ключевые слова Цифровая экономика железнодорожного транспорта
700 Другие авторы __
a Другие авторы Кузнецов В. И.
q Полное имя Кузнецов Владимир Иванович
700 Другие авторы __
a Другие авторы Платонова Т. Е.
q Полное имя Платонова Татьяна Егоровна
700 Другие авторы __
a Другие авторы Дарда Е. С.
q Полное имя Дарда Екатерина Сергеевна
856 Электронный адрес документа 40
n Местонахождение сервера Юрайт
g Электронная книга
q Тип электронного формата html
h Имя пользователя ЮРАЙТ
v Часы доступа к ресурсу 20271231
2 Способ доступа Показать документ
x Служебное примечание https://urait.ru/book/cover/580FC24A-CBCF-4C66-AF3E-1B1E1D03EE3F
u URL https://urait.ru/bcode/583731
856 Электронный адрес документа 48
q Тип электронного формата cover
u URL https://urait.ru/book/cover/580FC24A-CBCF-4C66-AF3E-1B1E1D03EE3F
911 __
u 0030=https://urait.ru/bcode/583731
911 __
u 073a=9785534169881
u 073d=1949.00
911 __
u 106a=s
911 __
u 900l=
952 Тип литературы __
i Дисциплина Экономика
952 Тип литературы __
i Дисциплина Экономика отрасли
952 Тип литературы __
i Дисциплина Экономика предприятия
952 Тип литературы __
i Дисциплина Экономика организаций
952 Тип литературы __
i Дисциплина Основы экономики
952 Тип литературы __
i Дисциплина Экономика организации (предприятия)
952 Тип литературы __
i Дисциплина Организация работы структурного подразделения
952 Тип литературы __
i Дисциплина Основы экономики организации
952 Тип литературы __
i Дисциплина Экономика организации
952 Тип литературы __
i Дисциплина Экономика организации и менеджмент
952 Тип литературы __
i Дисциплина Введение в экономику
952 Тип литературы __
i Дисциплина Основы экономической деятельности
952 Тип литературы __
i Дисциплина Организационно-управленческая деятельность
952 Тип литературы __
i Дисциплина Основы экономики предприятий и организаций
952 Тип литературы __
i Дисциплина Экономика и организация предприятия
952 Тип литературы __
i Дисциплина Экономика организаций (предприятий)
952 Тип литературы __
i Дисциплина Экономика предприятий (организаций)
952 Тип литературы __
i Дисциплина Организация деятельности производственного подразделения электромонтажной организации
952 Тип литературы __
i Дисциплина Экономика предприятий
952 Тип литературы __
i Дисциплина Экономика предприятий и организаций
952 Тип литературы __
i Дисциплина Экономика предприятий и организаций (продвинутый уровень)
952 Тип литературы __
i Дисциплина Основы экономики предприятия
952 Тип литературы __
i Дисциплина Экономика предприятия и организации
952 Тип литературы __
i Дисциплина Экономика предпринимательской организации
952 Тип литературы __
i Дисциплина Основы экономики отрасли
952 Тип литературы __
i Дисциплина Экономика предприятия (продвинутый уровень)
952 Тип литературы __
i Дисциплина Основы экономики, организации и правового обеспечения профессиональной деятельности
952 Тип литературы __
i Дисциплина Экономика предприятия (организации)
952 Тип литературы __
i Дисциплина Экономика предприятий/организация
952 Тип литературы __
i Дисциплина Организация деятельности персонала на горном участке
952 Тип литературы __
i Дисциплина Организация деятельности персонала производственного подразделения
952 Тип литературы __
i Дисциплина Цифровая экономика железнодорожного транспорта